000 00748nam a2200253Ia 4500
003 OSt
005 20221005073052.0
006 a|||||r|||| 00| 0
007 ta
008 221004b |||||||| |||| 00| 0 urd d
020 _a8181720261 (hbk)
_c150
024 _a24579
037 _b4626, 31/12/2015, Kitabi Duniya
_cTextual
040 _aCRL
_cCRL
_burd
041 _2urd
_aurd
082 _aY:1v, 168P8
100 _aHaider Syed Raza Ed.
_9607686
245 0 _aHamara tahzeebi aur adabi virsah
260 _aNew Delhi
_bGhalib Institute India
_c2008
300 _a190p.
_ccm.
650 _aSOCIOLOGY
942 _hY:1v, 168P8
_cTEXL
_2cc
999 _c980478
_d980478